Gaming Quiz

Random Gaming or Video Games Quiz

Video Game Foursomes Quiz Stats

Quiz Updated Jul 13, 2015

Also try: Video Game Trios
Challenge
Share
Tweet
Embed
Score 0/80 Timer 10:00
6 Plays Today
Foursome Members % Correct
Playable characters in Super Mario Bros. 2Mario
95.8%
Playable characters in Super Mario Bros. 2Luigi
94.7%
Playable characters in Super Mario Bros. 2Princess Peach
87.9%
Playable characters in Super Mario Bros. 2Toad
83.2%
Playable Kongs in Donkey Kong Country series (1-3)Donkey Kong
80.4%
Playable characters in Sonic AdvanceSonic
79.9%
Playable Kongs in Donkey Kong Country series (1-3)Diddy Kong
75.2%
Star Fox team members (Star Fox 64)Fox McCloud
70.3%
Playable characters in Sonic AdvanceTails
69.9%
Playable characters in Sonic AdvanceKnuckles
65.7%
Star Fox team members (Star Fox 64)Falco Lombardi
60.3%
Characters in the original F-ZeroCaptain Falcon
54.9%
Dragon/Flying Pokémon (Gen. 1-4)Dragonite
54.8%
Party members in EarthboundNess
50.6%
Star Fox team members (Star Fox 64)Slippy Toad
47.4%
Playable Kongs in Donkey Kong Country series (1-3)Dixie Kong
42.9%
Playable characters in Sonic AdvanceAmy Rose
42.3%
Final four opponents in Street Fighter IIM. Bison
42.2%
Star Fox team members (Star Fox 64)Peppy Hare
41.8%
Team Fortress 2 classes that can use a shotgunHeavy
32.1%
Final four opponents in Street Fighter IIVega
30.4%
Unlockable characters in Mario Kart DSDaisy
29.7%
Playable characters in FFVI whose names begin with 'S'Shadow
28.4%
Super Monkey Ball charactersBaby
27.5%
Final four opponents in Street Fighter IISagat
26.6%
Team Fortress 2 classes that can use a shotgunSoldier
26.5%
Unlockable characters in Mario Kart DSDry Bones
26.3%
Unlockable characters in Mario Kart DSWaluigi
25.6%
Team Fortress 2 classes that can use a shotgunEngineer
25.4%
Final four opponents in Street Fighter IIBalrog
25.1%
Party members in EarthboundPoo
25.1%
Team Fortress 2 classes that can use a shotgunPyro
23.6%
Dragon/Flying Pokémon (Gen. 1-4)Salamence
23.2%
Super Monkey Ball charactersAiAi
22.7%
Unlockable characters in Mario Kart DSR.O.B.
21.9%
Party members in
Golden Sun
Isaac
20.8%
Party members in EarthboundJeff
20.2%
Party members in EarthboundPaula
19.8%
Playable survivors in Left 4 DeadBill
19.3%
Playable Kongs in Donkey Kong Country series (1-3)Kiddy Kong
19.1%
Foursome Members % Correct
Dragon/Flying Pokémon (Gen. 1-4)Rayquaza
18.1%
Playable survivors in Left 4 DeadZoey
17.7%
Darkstalkers characters in Marvel vs. Capcom 2Morrigan Aensland
17.5%
Playable characters in BorderlandsLilith
16.9%
Dragon/Flying Pokémon (Gen. 1-4)Altaria
16.2%
Playable characters in BorderlandsBrick
16%
Playable characters in FFVI whose names begin with 'S'Sabin Figaro
15.6%
Playable survivors in Left 4 DeadLouis
15.6%
Characters in the original F-ZeroSamurai Goroh
15.1%
Playable survivors in Left 4 DeadFrancis
15%
Playable characters in BorderlandsMordecai
14.7%
Playable characters in BorderlandsRoland
13.7%
Playable characters in FFVI whose names begin with 'S'Setzer Gabbiani
13.6%
Darkstalkers characters in Marvel vs. Capcom 2Felicia
13.3%
Super Monkey Ball charactersGonGon
11.7%
Main characters in Heavy RainEthan Mars
11%
Super Monkey Ball charactersMeeMee
10.7%
Playable characters in FFVI whose names begin with 'S'Strago Magus
10.5%
Playable characters in The World Ends with YouNeku Sakuraba
10.3%
Female party members in Tales of SymphoniaColette Brunel
10.2%
Party members in
Golden Sun
Garet
10%
Beauty and the Beast Unit (Metal Gear Solid 4)Laughing Octopus
9.7%
Party members in
Golden Sun
Mia
9.5%
Female party members in Tales of SymphoniaRaine Sage
9.3%
Party members in
Golden Sun
Ivan
9.2%
Beauty and the Beast Unit (Metal Gear Solid 4)Crying Wolf
9.1%
Playable characters in The World Ends with YouBeat
9%
Characters in the original F-ZeroPico
8.8%
Female party members in Tales of SymphoniaSheena Fujibayashi
8.5%
Main characters in Heavy RainScott Shelby
8.4%
Characters in the original F-ZeroDr. Stewart
8.3%
Beauty and the Beast Unit (Metal Gear Solid 4)Raging Raven
7.8%
Beauty and the Beast Unit (Metal Gear Solid 4)Screaming Mantis
7.6%
Playable characters in The World Ends with YouJoshua Kiryu
7.5%
Female party members in Tales of SymphoniaPresea Combatir
7.4%
Playable characters in The World Ends with YouShiki Misaki
6.4%
Main characters in Heavy RainMadison Paige
6.4%
Main characters in Heavy RainNorman Jayden
6.4%
Darkstalkers characters in Marvel vs. Capcom 2B. B. Hood
5.9%
Darkstalkers characters in Marvel vs. Capcom 2Anakaris
4.8%

You're not logged in!

Compare scores with friends on all Sporcle quizzes.
Sign Up with Email
OR
Log In

You Might Also Like...

Show Comments

Extras

Top Quizzes Today


Score Distribution

Your Account Isn't Verified!

In order to create a playlist on Sporcle, you need to verify the email address you used during registration. Go to your Sporcle Settings to finish the process.